Les chansons de films - Statistiques

Statistiques générales
  • Ce quiz a été pris 40 fois
  • Le résultat moyen est 8 sur 55
Statistiques - réponses
Année Film Interprète Chanson % Correct
2011 Un monstre à Paris Vanessa Paradis La Seine
77%
2004 Les Choristes Bruno Coutais Vois sur ton chemin
63%
1984 Marche à l'ombre Renaud Marche à l'ombre
57%
1994 La cité de la peur Alain Chabat et Gérard Darmon La Carioca
54%
1974 Emmanuelle Pierre Bachelet Emmanuelle
51%
1986 Viens chez moi j"habite chez une copine Renaud Viens chez moi j"habite chez une copine
49%
1994 Un indien dans la ville Tonton David Chacun sa route
43%
1988 Diabolo menthe Yves Simon Diabolo menthe
34%
1986 L'amour en fuite Alain Souchon L'amour en fuite
34%
1996 L'eau à la bouche Serge Gainsbourg L'eau à la bouche
34%
1936 Ignace Fernandel Ignace
31%
1998 La vie est un long fleuve tranquille Patrick Bouchitey Jésus revient
31%
1962 Jules et Jim Jeanne Moreau Le Tourbillon
29%
1966 Un homme une femme Nicole Croisille Un homme une femme
26%
1968 L'affaire Thomas Crown Michel Legrand Les moulins de mon coeur
20%
1941 La romance de Paris Charles Trenet La romance de Paris
17%
1949 Le roi Pandore Bourvil La tactique du gendarme
17%
1968 Le Pacha Serge Gainsbourg Requiem pour un con
17%
1986 Le Passage Francis Lalanne On se retrouvera
14%
1985 Sans toi ni loi Corinne Marchand Sans toi
14%
1967 Les demoiselles de Rochefort Mireille Darc et Françoise Dorléac La chanson des jumelles
11%
1954 French Cancan Cora Vaucaire La complainte de la butte
11%
1962 Le jour le plus long Paul Anka Le jour le plus long
11%
1985 Moi y'en a vouloir des sous Michel Magne Moi y'en a vouloir des sous
9%
1941 Simplet Fernandel On m'appelle Simplet
9%
1972 Le Parrain Dalida Parle plus bas
9%
1947 Quai des orfèvres Suzy Delair Avec son tralala
6%
1945 La ferme du pendu Bourvil Les Crayons
6%
1936 L'homme du jour Maurice Chevalier Ma pomme
6%
1941 Le premier rendez-vous Danielle Darrieux Premier rendez-vous
6%
1936 La Belle équipe Jean Gabin Quand on se promène au bord de l'eau
6%
1934 14 juillet Lys Gauty A Paris dans chaque faubourg
3%
1939 Circonstances atténuantes Arletty Comme de bien entendu
3%
1972 Tout le monde il est beau, tout le monde il est gentil Ginette Garcin Jésus tango
3%
1947 Par la fenêtre Bourvil La rumba du pinceau
3%
1938 La Goualeuse Lys Gauty Le bonheur est entré dans mon coeur
3%
1941 Le soleil a toujours raison Tino Rossi Le chant du gardian
3%
1936 Avec le sourire Maurice Chevalier Le chapeau de Zozo
3%
1931 Le capitaine Craddock Jean Murat Les gars de la marine
3%
1942 Fièvres Tino Rossi Ma ritournelle
3%
1946 Destins Tino Rossi Petit papa Noël
3%
1970 Peau d'âne Catherine Deneuve Recette pour un cake d'amour
3%
1962 Vie privée Brigitte Bardot Sidonie
3%
1936 Au son des guitares Tino Rossi Tant qu'il y aura des étoiles
3%
1936 Marinella Tino Rossi Tchi Tchi
3%
1951 Au pays du soleil Tino Rossi Adieu, Venise provençale
0%
1965 Viva Maria Brigitte Bardot et Jeanne Moreau Ah les petits femmes de Paris
0%
1980 Je vous aime Serge Gainsbourg Dieu fumeur de havanes
0%
1984 La vengeance du serpent à plumes Michel Polnaref La Belle veut sa revanche
0%
1931 Coeur de Lilas Anny Flore La môme caoutchouc
0%
1938 La route enchantée Charles Trenet La vie qui va
0%
1963 Dragées au poivre Anna Karine et Claude Brasseur La vie s'envole
0%
1951 Au pays du soleil Tino Rossi Le plus beau tango du monde
0%
1979 Les Bronzés font du ski Pierre Bachelet Quand te reverrai-je pays merveilleux ?
0%
1997 Ma vie en rose Zazie Rose
0%
Aucun quiz correspondant
Distribution des résultats
% des personnes avec chaque résultat
Percentile par nombre de réponses
Votre historique - résultats
Vous n’avez pas pris ce quiz